| 000 | 00671nam a2200241 a 4500 | ||
|---|---|---|---|
| 001 | 67293 | ||
| 003 | BD-RjUL | ||
| 005 | 20211209081632.0 | ||
| 008 | 170323s1988 nyua 001 0 eng d | ||
| 035 | _a(BD-RjUL)67424 | ||
| 040 |
_aDLC _cDLC _dUKM _dBD-RjUL _beng |
||
| 041 | _aeng | ||
| 082 | 0 |
_a539.7 _223 _bKRI 1988 |
|
| 100 | 1 |
_aKrane, Kenneth S. _9199385 |
|
| 245 | 1 | 0 |
_aIntroductory nuclear physics / _cKenneth S. Krane. |
| 250 | _a2nd ed. | ||
| 260 |
_aNew York : _bJohn Wiley & Sons, _cc1988. |
||
| 300 |
_axiii, 845 p. : _bill. ; _c24 cm. |
||
| 500 | _aIncludes index. | ||
| 650 | 0 |
_aNuclear physics. _9199386 |
|
| 942 |
_2ddc _cBK |
||
| 999 |
_c67293 _d67293 |
||